00429nam a2200145 a 4500008004100000020002200041100002000063245009400083260005100177300001200228650001600240003000100256005001700257040000900274  a0716702320 (pbk.)1 aMoore, David S.10aChapter 23 and 24 Printed Supplement to The Basic practice of statistics/cDavid S Moore. aNew York :bW. H. Freeman and Company,c2004.  a3rd ed. 1aStatistics.20230123122106.0 cNUST